| 000 | 00860nam a2200253Ia 4500 | ||
|---|---|---|---|
| 003 | GCL | ||
| 005 | 20240530101847.0 | ||
| 008 | 140319s9999 xx 000 0 ara d | ||
| 040 |
_aGCL / _cGCL |
||
| 082 | 0 | 4 |
_a726.1 _bق/ح ت |
| 100 | 1 | _aحسن عبدالوهاب | |
| 245 | 1 | 0 |
_aتاريخ المساجد الاثرية فى القاهرة / _cحسن عبدالوهاب |
| 250 | _aالاولى | ||
| 260 |
_aالقاهرة : _bمكتبة الدار العربية للكتاب ، _c0 |
||
| 300 |
_a2 مج: _bايض ؛ _c27 سم |
||
| 650 | 0 | 4 | _aالعمارة الاسلامية |
| 650 | 0 | 4 | _aالاثار الاسلامية |
| 650 | 0 | 4 | _aالمساجد - تاريخ |
| 650 | 0 | 4 | _aالمآذن |
| 650 | 0 | 4 | _aالقاهرة - المساجد |
| 650 | 0 | 4 | _aالمساجد الاثرية |
| 650 | 0 | 4 | _aالفن الاسلامى |
| 942 |
_2ddc _cBK |
||
| 999 |
_c28253 _d28253 |
||